00750cam a2200217 a 4500999001500000001000400015003000900019005001700028008004100045020001500086040003800101082001600139100002000155245010200175260005200277300002800329500002000357650002900377942001200406952011400418 c6752d6752384BD-DhUAP20210106152758.0200301s19711967ii abf b f000 0 eng  a0435900382 aBD-DhUAPcBD-DhUAPdBD-DhUAPbEng a954 ODI223 aOdinga, Oginga. aNot yet Uhuru :bthe autobiography of Oginga Odinga /cOginga Odinga ; foreword by Kwame Nkrumah. aLondon : bHeinemann, cc1967 [Reprinted 1971]. axv, 323 pages ;c23 cm. aIncludes index. aPolitics and government. 2ddccBK 00102ddc4070aUAPCLbUAPCLcGeneral Stacksd2021-01-06o954 ODIp3010000384r2021-01-06t1w2021-01-06yBK